Normal view
MARC view
- Khadim Hussain Raja
Entry Personal Name
001 - CONTROL NUMBER
- control field: 9450
003 - CONTROL NUMBER IDENTIFIER
- control field: NUST
005 - DATE AND TIME OF LATEST TRANSACTION
- control field: 20180122102728.0
008 - FIXED-LENGTH DATA ELEMENTS
- fixed length control field: 180122|| aca||aabn | a|a d
040 ## - CATALOGING SOURCE
- Original cataloging agency: NUST
- Transcribing agency: NUST
100 ## - HEADING--PERSONAL NAME
- Personal name: Khadim Hussain Raja
670 ## - SOURCE DATA FOUND
- Source citation: Work cat.: (NUST)321330: Khadim Hussain Raja, A stranger in my own country : East Pakistan, 1969-1971, 2012
